Loading...
| Current Events | 4 | 17.50 | 100% | 50% | 25% |
| Fine Arts - Classical Music | 3 | 6.67 | 67% | 0% | 0% |
| Fine Arts - Other | 8 | 8.75 | 63% | 25% | 0% |
| Fine Arts - Painting and Sculpture | 4 | 12.50 | 75% | 25% | 25% |
| Geography | 3 | 10.00 | 100% | 0% | 0% |
| History - American | 3 | 10.00 | 100% | 0% | 0% |
| History - European | 5 | 16.00 | 80% | 60% | 20% |
| History - Other | 2 | 10.00 | 100% | 0% | 0% |
| History - World | 8 | 17.50 | 75% | 75% | 25% |
| Literature - Drama | 1 | 10.00 | 100% | 0% | 0% |
| Literature - Long Fiction | 2 | 20.00 | 100% | 50% | 50% |
| Literature - Misc | 2 | 20.00 | 100% | 50% | 50% |
| Literature - Poetry | 6 | 8.33 | 83% | 0% | 0% |
| Literature - Short Fiction | 1 | 0.00 | 0% | 0% | 0% |
| Mythology | 2 | 20.00 | 100% | 100% | 0% |
| Other Academic | 4 | 15.00 | 75% | 50% | 25% |
| Philosophy | 1 | 10.00 | 100% | 0% | 0% |
| Religion | 4 | 17.50 | 100% | 25% | 50% |
| Science - Biology | 5 | 10.00 | 100% | 0% | 0% |
| Science - Chemistry | 5 | 12.00 | 100% | 20% | 0% |
| Science - Other | 2 | 5.00 | 50% | 0% | 0% |
| Science - Physics | 2 | 5.00 | 50% | 0% | 0% |
| Short Fiction and Other | 2 | 10.00 | 50% | 50% | 0% |
| Social Science | 4 | 15.00 | 100% | 50% | 0% |